L'Auvergne-Rhône-Alpes par images - Statistiques

Statistiques générales
  • Ce quiz a été pris 551 fois
  • Le résultat moyen est 10 sur 16
Statistiques - réponses
Par images Hint Réponse % Correct
Volcan endormi Puy de {Dôme}
97%
Spécialité de Montélimar Nougat
93%
Club de football AS Saint-Etienne
89%
Lac Lac d'{Annecy}
88%
Ville Grenoble
86%
Plat savoyard Tartiflette
83%
Président de la République française Georges Pompidou
73%
Chef cuisinier Paul Bocuse
68%
Type de restaurant Bouchon
65%
Canyon Gorges de l'{Ardèche}
64%
Région viticole Le Beaujolais
43%
Fromage Saint-Nectaire
43%
Écrivain Antoine de Saint-Exupéry
31%
Personnage fictif Commissaire {Maigret}
28%
Sous-préfecture Montluçon
9%
Plus petite commune de France Rochefourchat
7%
Aucun quiz correspondant
Distribution des résultats
% des personnes avec chaque résultat
Percentile par nombre de réponses
Votre historique - résultats
Vous n’avez pas pris ce quiz